Speech based system for visually impaired people (Record no. 759667)
[ view plain ]
| 000 -LEADER | |
|---|---|
| fixed length control field | 00333nam a2200109 4500 |
| 084 ## - OTHER CLASSIFICATION NUMBER | |
| Source of Number | Colon Classification |
| Classification number | P:(S68:68:(D651)) |
| 100 ## - MAIN ENTRY--AUTHOR NAME | |
| Personal name | MUHAMMED SHAFI ,M |
| 245 ## - TITLE STATEMENT | |
| Title | Speech based system for visually impaired people |
| 260 ## - PUBLICATION, DISTRIBUTION, ETC. (IMPRINT) | |
| Place of publication | Kariavattam, |
| Name of publisher | Dept of Linguistics, UOK |
| Year of publication | 2026 |
| 942 ## - ADDED ENTRY ELEMENTS (KOHA) | |
| Source of classification or shelving scheme | Colon Classification |
| Koha item type | PhD Thesis |
| Withdrawn status | Lost status | Source of classification or shelving scheme | Damaged status | Not for loan | Collection code | Home Library | Current Location | Shelving location | Date acquired | Full call number | Accession Number | Price effective from | Koha item type |
|---|---|---|---|---|---|---|---|---|---|---|---|---|---|
| Colon Classification | Thesis | Kerala University Library | Kerala University Library | Thesis | 20/05/2026 | P:(S68:68:(D651)) R6 (RT) | G46625 | 20/05/2026 | PhD Thesis |
